Memoirs: Lester B. Pearson (Record no. 350853)

000 -LEADER
fixed length control field 00459cam a22001337a 4500
008 - FIXED-LENGTH DATA ELEMENTS--GENERAL INFORMATION
fixed length control field 180718b1974 xxu||||| |||| 00| 0 eng d
082 ## - DEWEY DECIMAL CLASSIFICATION NUMBER
Classification number A99 P318
100 ## - MAIN ENTRY--PERSONAL NAME
Personal name Pearson, Lester B.
245 ## - TITLE STATEMENT
Title Memoirs: Lester B. Pearson
Statement of responsibility, etc. by Lester B. Pearson
260 ## - PUBLICATION, DISTRIBUTION, ETC.
Place of publication, distribution, etc. London
Name of publisher, distributor, etc. Victor Gollancz
Date of publication, distribution, etc. 1974
300 ## - PHYSICAL DESCRIPTION
Extent v.
500 ## - GENERAL NOTE
General note Contents: Vol.II, 1948-1957: the international years, edited by John A. Munro and Alex I. Inglis.
650 ## - SUBJECT ADDED ENTRY--TOPICAL TERM
Topical term or geographic name entry element Pearson, Lester B.- 1897-1972
Holdings
Withdrawn status Lost status Damaged status Not for loan Permanent Location Current Location Date acquired Full call number Barcode Date last seen Price effective from Koha item type
        Indian Institute of Public Administration Indian Institute of Public Administration 1993-11-09 A99 P318 49505 2018-07-21 2018-07-21 Book

Powered by Koha